Bienvenue à la Médiathèque de Saint-Andiol
banniere
Accueil Recherche avancée Mon compte
handi1 Rechercher dans le catalogue

Filtre   Mots-clés
  Recherche avancée
 
Lister les dernières nouveautés
 
Lister les livres GROS CARACTERES
 
Lister les périodiques (magazines)

handi1 Mystérieuses héritières

Book Cover
Auteur principal : Audrey Alwett
Autres auteurs : Nora Moretti
Titre : Mystérieuses héritières
Support : Livres
Langue : Francais
Publié : DL 2011 Soleil Toulon
Series : Princesse Sara
Genre : Bande Dessinée (enfants)
Collection : Blackberry
Sujets :
Étiquettes :
Pas de tags
LEADER 00943nam0a2200229 450
001 16832824
010 |a 978-2-302-01524-1  |b Br.  |d 10,95 € 
100 |a 20131230d2026 u u0frey01 ba 
101 0 |a fre 
102 |a FR 
200 0 |a Mystérieuses héritières  |f Audrey Alwett, Nora Moretti 
207 1 |a   
210 |a Toulon  |c Soleil  |d DL 2011 
215 |a 1 vol. (44 p.)  |c ill. en coul.  |d 30 cm 
225 1 |a Blackberry  |v 3 
330 |a Sara est passsé du statut de princesse à celui de servante, et Miss Minchin lui inflige toutes sortes de punitions. Heureusement, elle continue de rêver, et elle pense souvent à leur nouveau voisin, un monsieur indien... 
461 0 |t Princesse Sara  |v 3 
700 0 |a Alwett  |b Audrey  |f 1982-....  |4 70 
701 0 |a Moretti  |b Nora  |f 1980-....  |4 440 
900 |a Bande Dessinée (enfants) 
901 |a Jeunesse 
995 |a Médiathèque  |c Médiathèque  |f 089013070  |h 089013070  |k BD PRI T.3  |o p  |q j  |r az  |e Médiathèque